000 00564nam a22001817a 4500
005 20230328075422.0
008 230328b |||||||| |||| 00| 0 eng d
020 _a978-93-5269-359-7
082 _a338.4791068 T717 2019
100 _aSingh, Shweta
_eeditor
245 _aTotal quality management in tourism /
_ceditor by Shweta Singh
260 _aNew Delhi, IN:
_bRandom Publications,
_cc2019
300 _aviii, 296p.
541 _e6255
650 _aTourist trade - Management
650 _aTourist trade - Quality control
650 _aTotal quality management
999 _c2036
_d2036